Normal view
MARC view
- Dickens, Charles,
Entry Nombre Personal
001 - NUMERO DE CONTROL
- campo de control: 30258
003 - IDENTIFICADOR DE NUMERO DE CONTROL
- campo de control: UPN
005 - FECHA Y HORA DE LA ÜLTIMA TRANSACCIÓN
- campo de control: 20220506181341.0
008 - DATOS DE LONGITUD FIJA
- campo de control de longitud fija: 220506nn acannaabn b aaa d
035 ## - NUMERO DE CONTROL
- Número de control: UPN11000002364
040 ## - FUENTE DE CATALOGACIÓN
- Lenguaje de catalogación: SPA
- Agencia de transcripción: UPN
- Agencia original de catalogación: UPN
053 #4 - NÚMERO DE CLASIFICACIÓN LC
- Número de clasificación elemento-número único o número inicial de tramo: PR4550
- Número de clasificación número de tramo final del elemento: PR4598
100 1# - ENCABEZAMIENTO - NOMBRE PERSONAL
- Nombre personal: Dickens, Charles,
- Fechas asociadas con el nombre: 1812-1870
670 ## - FUENTE EN LA QUE SE LOCALIZARON DATOS
- Cita de la fuente: T
- Información localizada: Salvat universal
680 ## - NOTA PUBLICA DE ACCESO PÚBLICO
- Frase explicativa de la referencia: Escritor inglés
902 ## - CATALOGADOR
- Catalogador: CAA/090810
